| 000 | 00652nam a22002177a 4500 | ||
|---|---|---|---|
| 999 |
_c10866 _d10866 |
||
| 003 | AR-CdUCM | ||
| 008 | 190402b ||||| |||| 00| 0 spa d | ||
| 040 |
_aMUNICIPALIDAD PROVINCIAL DEL CUSCO _cBIBLIOTECA MUNICIPAL DEL CUSCO |
||
| 082 |
_aEP / 372.64 / _bI94 |
||
| 100 |
_aIrving, Washington _910258 |
||
| 245 | _aLa casa del gallo del viento / | ||
| 260 | _bSusaeta, | ||
| 300 |
_bIlustraciones, _c27 cm. |
||
| 440 |
_aColecciones Esmeralda _927836 |
||
| 500 | _aLibro sin numeración | ||
| 505 | _aContenido :Cuentos infantiles / | ||
| 650 |
_aEducación primaria _91561 |
||
| 650 |
_aCuentos _9217 |
||
| 942 |
_2ddc _cLIBROS |
||
| 945 | _arjall | ||